Statistics for 10 Most Visited Cities in Canada

Click here to take the quiz!

General Stats

  • This quiz has been taken 53 times
  • The average score is 7 of 10

Answer Stats

City% Correct
Toronto
98%
Vancouver
98%
Montreal
96%
Ottawa
96%
Calgary
90%
Quebec City
86%
Niagara
61%
Victoria
57%
Banff
31%
Whistler
24%

Score Distribution

Percentile by Number Answered

Percent of People with Each Score

Your Score History

You have not taken this quiz